| 000 | 01687nam0a2200325 4500 | ||
|---|---|---|---|
| 001 | RU\NLR\bibl\1856581 | ||
| 005 | 20260405234456.0 | ||
| 010 |
_a978-5-89482-789-6 _9100 |
||
| 021 |
_aRU _b2011-100159 _97168 |
||
| 035 | _a(NLR Aleph) 001846508 | ||
| 090 |
_a2343476 _c2343476 |
||
| 100 | _a20120116d2011 |||y0rusy50 ca | ||
| 101 | 0 | _arus | |
| 102 | _aRU | ||
| 105 | _aa ||||||||| | ||
| 200 | 1 |
_aМатематическое моделирование нагрева металла в газовых печах _fА.К. Соколов _gМ-во образования и науки Рос. Федерации, Федер. гос. бюджет. образоват. учреждение высш. проф. образования "Иван. гос. энерг. ун-т им. В.И. Ленина" |
|
| 210 |
_aИваново _cИвановский государственный энергетический университет _d2011 |
||
| 215 |
_a395 с. _cил. _d20 |
||
| 300 | _aНа 4-й с. обл. авт.: Соколов А.К., д.т.н., проф. | ||
| 320 | _aБиблиогр.: с. 357-376 (285 назв.) | ||
| 606 | 1 |
_aНагревательные печи газовые _xТепловые процессы _xМатематическое моделирование _92092109 _3RU\NLR\auth\661569734 |
|
| 686 | _aК651.01-1с116 | ||
| 700 | 1 |
_4070 _7ca _8rus _aСоколов _bА. К. _cд-р техн. наук _f1947- _gАнатолий Константинович _991045 _3RU\NLR\auth\77108120 |
|
| 801 | 0 |
_aRU _bNLR _c20120116 _gRCR |
|
| 801 | 1 |
_aRU _bNLR _c20120116 |
|
| 830 | _aавт. по кн. | ||
| 942 | _cBOOK | ||
| 980 | _aNB | ||
| 980 | _aNBR | ||